| 000 | 00000nam 2200000zi 4500 |
| 001 | 9.873601 |
| 003 | CaOODSP |
| 005 | 20241203113649 |
| 006 | m o d f |
| 007 | cr |n||||||||| |
| 008 | 190527e198405##oncaa |ot f00| 0 eng d |
| 040 | |aCaOODSP|beng|erda|cCaOODSP |
| 043 | |an-cn-on |
| 086 | 1 |aEn13-6/84-16E-PDF |
| 100 | 1 |aBishop, Craig Timothy, |d1953- |eauthor. |
| 245 | 10|aWave hindcast for the sinking of the Stanley Clipper, Long Point Bay, Lake Erie / |cauthor, Craig T. Bishop. |
| 264 | 1|a[Burlington, Ont.] : |bHydraulics Division, [National Water Research Institute], |cMay 1984. |
| 300 | |a1 online resource (14 pages) : |billustrations. |
| 336 | |atext|btxt|2rdacontent |
| 337 | |acomputer|bc|2rdamedia |
| 338 | |aonline resource|bcr|2rdacarrier |
| 490 | 1 |aTechnical note ; |vno. 84-16 |
| 500 | |aDigitized edition from print [produced by Environment and Climate Change Canada]. |
| 504 | |aIncludes bibliographical references. |
| 520 | |a"A severe storm with southwest winds gusting to 60 knots (30.9 m/s) occurred over the Great Lakes on April 30, 1984. A 30 ton fishing boat, the Stanley Clipper, sank at position latitude 42° 36' 56" N longitude 80° 09' 54" W (Figure 1) between 1415 and 1430 hours Eastern Daylight Time (EDT) on April 30. The three men aboard perished"--Introd. |
| 653 | 0|aWater waves |
| 692 | 07|2gccst|aLakes |
| 692 | 07|2gccst|aMeasurement |
| 710 | 1 |aCanada. |bEnvironment Canada. |
| 710 | 2 |aNational Water Research Institute (Canada). |bHydraulics Division. |
| 830 | #0|aTechnical note (National Water Research Institute (Canada). Hydraulics Division)|vno. 84-16|w(CaOODSP)9.855127 |
| 856 | 40|qPDF|s1.30 MB|uhttps://publications.gc.ca/collections/collection_2019/eccc/en13-6/En13-6-84-16-eng.pdf |